000 00543pab a2200193 454500
008 180718b2010 xxu||||| |||| 00| 0 eng d
100 _aVed Prakash
245 _aManaging disaster [case of Bhuj (Gujarat) earthquake - 2001]
260 _c2010
300 _ap.97-103.
362 _aApr-Sep
650 _aEarthquakes - India - Gujarat
650 _aDisaster prevention - India - Gujarat
650 _aDisaster prevention
700 _aChowdhary, Shruti
773 _aJournal of Accounting and Finance
908 _aN
909 _a87719
999 _c87719
_d87719